000 01071nac a22003131i 4500
003 EG-ScBUE
005 20241118110414.0
008 241118t2005 njua f 001 0 eng d
020 _a0131857142
020 _a9780131857148
035 _a(OCoLC)ocm57134002
040 _aEG-ScBUE
_beng
_erda
_cEG-ScBUE
_dEG-ScBUE
082 0 4 _a519.4
_bHAN
_222
100 1 _aHanselman, Duane C.,
_eauthor.
245 1 0 _aMastering MATLAB 7 /
_cDuane Hanselman, Bruce Littlefield, Depatment of Electrical and Computer Engineering, University of Maine.
246 3 _aMastering MATLAB seven
250 _aInternational edition.
264 1 _aUpper Saddle River, NJ :
_bPearson/Prentice Hall,
_c[2005]
264 4 _cc2005
300 _axi, 852 pages :
_billustrations ;
_c24 cm
336 _2rdacontent
_atext
_btxt
337 _aunmediated
_2rdamedia
_bn
338 _avolume
_bnc
_2rdacarrier
500 _aIncludes index.
650 7 _aNumerical analysis
_xData processing.
_2BUEsh
655 _vReading book
700 1 _aLittlefield, Bruce,
_eauthor.
942 _cBB
_2ddc
999 _c8722
_d8722